Rope roundup ; the lore and craft of rope and roping /

Bibliographic Details
Main Author: Severn, Bill
Format: Book
Language:English
Published: New York : D. McKay, [1960]
Subjects:

MARC

Tag First Indicator Second Indicator Subfields
LEADER 00000cam a2200000 4500
001 in00000094009
005 20150927070241.0
008 730712s1960 eng u
010 |a  60007196  
035 |a (OCoLC)00655208 
035 |9 AAL5862AM 
040 |c CPL  |d TXA  |d UtOrBLW 
049 |a TXAS  |c [1090297] 
050 0 |a TS1785  |b .S38 
082 0 |a 746 
100 1 |a Severn, Bill. 
245 1 0 |a Rope roundup ;  |b the lore and craft of rope and roping /  |c by Bill Severn. Illustrated by Yukio Tashiro. 
264 1 |a New York :  |b D. McKay,  |c [1960] 
300 |a xvi, 237 pages :  |b illustrations ;  |c 22 cm. 
336 |a text  |b txt  |2 rdacontent 
337 |a unmediated  |b n  |2 rdamedia 
338 |a volume  |b nc  |2 rdacarrier 
504 |a Bibliography: pages 229-232. 
650 0 |a Rope. 
650 0 |a Knots and splices. 
999 |a MARS 
999 f f |s 7ddcf9c9-03e4-347e-b250-8c0a701a26ac  |i 8aa9c652-d3ff-3ad7-bd52-21c9da933fad  |t 0 
952 f f |p noncirc  |a Texas A&M University  |b College Station  |c Cushing Memorial Library & Archives  |d Cushing: Dykes (Does not check out)  |t 0  |e TS1785 .S38  |h Library of Congress classification  |i unmediated -- volume  |m A14851938622 
998 f f |a TS1785 .S38  |t 0  |l Cushing: Dykes (Does not check out)